000 00544nam a2200181Ia 4500
008 240729s9999 xx 000 0 und d
022 _a2214-6873
245 0 _aAsia-Pacific Journal of Sports Medicine, Arthroscopy, Rehabilitation and Technology
260 _aNetherlands
260 _bElsevier
650 _a Internal medicine
650 _a Special situations and conditions
650 _a Sports medicine
650 _aMedicine
856 _uhttps://doaj.org/toc/b7f40e82ef8241c9be52e06dd1e673ab
942 _2ddc
942 _cDOAJEJ
999 _c71487
_d71487
945 _a1
_bMadushi Gamage
_c1
_dMadushi Gamage